Estadísticas para Municipios de la provincia de Badajoz

Haz click aquí para intentar la prueba.

Estadísticas generales

  • Esta prueba ha sido intentada 66 veces
  • La puntuación promedio es 34 de 165

Estadísticas de respuestas

Respuesta% Correcto
Badajoz
96%
Mérida
86%
Almendral
82%
Don Benito
82%
Almendralejo
80%
Zafra
76%
Villanueva de la Serena
69%
Olivenza
65%
Villafranca de los Barros
59%
Monesterio
49%
Azuaga
47%
Jerez de los Caballeros
45%
Montijo
43%
Barcarrota
41%
Llerena
41%
Herrera del Duque
39%
Santa Marta
39%
Alburquerque
37%
Los Santos de Maimona
35%
Aceuchal
33%
Oliva de la Frontera
33%
Valverde de Leganés
33%
Fregenal de la Sierra
31%
Hornachos
31%
Siruela
31%
Talarrubias
31%
Talavera la Real
31%
Zalamea de la Serena
31%
Bienvenida
29%
Cabeza del Buey
29%
Castuera
29%
Feria
29%
Fuente del Maestre
29%
Burguillos del Cerro
27%
Guareña
27%
La Albuera
27%
Lobón
27%
Solana de los Barros
27%
Alange
25%
Alconchel
25%
Campanario
25%
La Codosera
25%
Oliva de Mérida
25%
Santa Amalia
25%
Torremejía
25%
La Parra
24%
Valle de Santa Ana
24%
Zahínos
24%
Arroyo de San Serván
22%
La Roca de la Sierra
22%
La Zarza
22%
Medellín
22%
Nogales
22%
Orellana la Vieja
22%
Quintana de la Serena
22%
Ribera del Fresno
22%
Salvatierra de los Barros
22%
Villanueva del Fresno
22%
Berlanga
20%
Calzadilla de los Barros
20%
Campillo de Llerena
20%
Casas de Don Pedro
20%
Fuenlabrada de los Montes
20%
La Morera
20%
Puebla de la Calzada
20%
Puebla de Obando
20%
Puebla de Sancho Pérez
20%
San Pedro de Mérida
20%
Segura de León
20%
Táliga
20%
Aljucén
18%
Calamonte
18%
Carmonita
18%
Esparragalejo
18%
Higuera de Vargas
18%
Higuera la Real
18%
La Haba
18%
La Lapa
18%
Monterrubio de la Serena
18%
Navalvillar de Pela
18%
Palomas
18%
Salvaleón
18%
San Vicente de Alcántara
18%
Trujillanos
18%
Valencia del Ventoso
18%
Villar del Rey
18%
Benquerencia de la Serena
16%
Calera de León
16%
Llera
16%
Pueblonuevo del Guadiana
16%
Torre de Miguel Sesmero
16%
Usagre
16%
Valle de Matamoros
16%
Cabeza la Vaca
14%
Cheles
14%
Corte de Peleas
14%
Cristina
14%
El Carrascalejo
14%
Higuera de la Serena
14%
La Nava de Santiago
14%
Malcocinado
14%
Puebla de Alcocer
14%
Valencia del Mombuey
14%
Valverde de Mérida
14%
Villagonzalo
14%
Villalba de los Barros
14%
Zarza-Capilla
14%
Acedera
12%
Bodonal de la Sierra
12%
Esparragosa de Lares
12%
Fuentes de León
12%
Granja de Torrehermosa
12%
Guadiana del Caudillo
12%
Hinojosa del Valle
12%
Manchita
12%
Rena
12%
Valdelacalzada
12%
Valle de la Serena
12%
Valverde de Burguillos
12%
Ahillones
10%
Alconera
10%
Castilblanco
10%
Don Álvaro
10%
Fuente del Arco
10%
Helechosa de los Montes
10%
La Garrovilla
10%
Magacela
10%
Mengabril
10%
Montemolín
10%
Reina
10%
Sancti-Spíritus
10%
Valdecaballeros
10%
Valdetorres
10%
Atalaya
8%
Garlitos
8%
Medina de las Torres
8%
Mirandilla
8%
Retamal de Llerena
8%
Risco
8%
Tamurejo
8%
Torremayor
8%
Villarta de los Montes
8%
Capilla
6%
Casas de Reina
6%
Entrín Bajo
6%
Esparragosa de la Serena
6%
Garbayuela
6%
La Coronada
6%
Orellana de la Sierra
6%
Puebla de la Reina
6%
Puebla del Maestre
6%
Puebla del Prior
6%
Valencia de las Torres
6%
Valverde de Llerena
6%
Villagarcía de la Torre
6%
Cordobilla de Lacara
4%
Higuera de Llerena
4%
Malpartida de la Serena
4%
Peñalsordo
4%
Peraleda del Zaucejo
4%
Trasierra
4%
Villar de Rena
4%
Funte de Cantos
2%
Baterno
0%
Maguilla
0%

Distribución de puntuación

Porcentaje por número respondido

Porcentaje de gente con cada puntuación

Historial de tus puntuaciones

No has intentado esta prueba.